000 00470nam a22001697a 4500
003 MACL
005 20151213152105.0
008 151213b xxu||||| |||| 00| 0 eng d
040 _cMACL
041 _aHindi
082 _a741.642
100 _aसनत कुमार भटट
_920232
245 _aमेरा भाई है
260 _bनेशनल बुक टस्‍ट
_c1999
650 _aचिल्‍डन बुक
_9314
942 _2ddc
_cHIN
999 _c51547
_d51547